000
00310nam a22001217a 4500
008
160520b xxu||||| |||| 00| 0 eng d
020
_a
9780071284400
020
_a
0071284400
041
_a
eng
080
_a
339.138
245
_a
Advertising and promotion:
_c
George E. Belch; Michael A. Belch;
942
_2
udc
_c
BK
999
_c
2304
_d
2304